000 00638nam a22001815i 4500
001 155697
003 ES-MaACL
005 20250716062626.0
008 040727s1878 fr |||| | fre d
040 _aCAM
_bspa
_cCAM
100 1 _aHugo, Victor,
_d1802-1885
_964627
245 1 0 _aHistoire d'un crime
_b: déposition d'un témoin /
_cVictor Hugo.
260 _aParis :
_bCalmann Lévy éditeur,
_c1878 (
_fA. Quantin imprimeur)
300 _a2 v. ;
_c23 cm.
651 7 _aFrancia-
_xHistoria-
_y1851, Golpe de Estado-
_vNovelas
_2
_9147717
852 _aES-MaACL
_jF-8372-73
_z-- Enc. hol.
_q-- Sólo t.II (337 p.)
999 _c155697
_d155697